| 000 | 01699nam0a22003131 4500 | ||
|---|---|---|---|
| 001 | rc\2212209 | ||
| 005 | 20250623001859.0 | ||
| 035 | _a(NLR Aleph) 006488102 | ||
| 090 |
_a6103635 _c6103635 |
||
| 100 | _a20110829d1979 |||y0rusy50 ca | ||
| 101 | 0 | _arus | |
| 102 | _aRU | ||
| 105 | _ay z ||||| | ||
| 200 | 1 |
_aПрактика образования и использования централизованных фондов и резервов всесоюзных промышленных объединений _eОбзор _f[К. э. н. Б.А. Коган, Н.А. Меркина, С.К. Комаров, М.А. Страковская _gНауч. ред. Л.Н. Антошкевич] |
|
| 210 |
_aМосква _cЦНИИТЭИтракторосельсхозмаш _d1979 |
||
| 215 |
_a30 с. _d21 |
||
| 225 | 1 |
_aОбзорная информация _fЦНИИ информ. и техн.-экон. исслед. по тракт. и с.-х. машиностроению _iСерия "Экономика, организация, планирование и управление в тракторном и сельскохозяйственном машиностроении. Стандартизация" _vВып. 10 |
|
| 300 | _aВ надзаг. также: М-во тракт. и с.-х. машиностроения | ||
| 320 | _aБиблиогр. в примеч. | ||
| 701 | 1 |
_aКомаров _bС.К. |
|
| 701 | 1 |
_aСтраковская _bМ.А. |
|
| 701 | 1 |
_aМеркина _bН.А. |
|
| 701 | 1 |
_aКоган _bБ.А. |
|
| 702 | 1 |
_aАнтошкевич _bЛ.Н. _4340 |
|
| 801 | 0 |
_aRU _bNLR _gpsbo |
|
| 801 | 1 |
_aRU _bELAR _2rusmarc |
|
| 852 |
_aNLR _jП22/4653 |
||
| 942 | _cBOOK | ||
| 980 | _aNB | ||